| 000 | 00525nam a2200133 a 4500 | ||
|---|---|---|---|
| 001 | 000038427 | ||
| 005 | 20250401130908.0 | ||
| 008 | 130426s1997 dr ad 000 0 spa d | ||
| 040 |
_aDO-SdBNP _bspa _cBNPHU |
||
| 110 | 2 |
_aPrograma de las Naciones Unidas para el Desarrollo _9187 |
|
| 245 | 1 | 0 |
_aInforme anual de la cooperación para el desarrollo, República Dominicana : _bInforme 1992-1994 /. |
| 260 |
_aSanto Domingo : _bPrograma de las Naciones Unidas para el Desarrollo, _c1997. |
||
| 300 |
_a161p. ; : _bil., gráfs. ; _c29 cm. |
||
| 999 |
_c37917 _d37917 |
||